[Event "AUTO-INT-3921"]
[Site "http://www.queenalice.com/game.php?id=1853512"]
[Date "2025.3.7"]
[Round "1"]
[White "altair"]
[Black "StepPhil"]
[Result "0-1"]
[WhiteElo "1750"]
[BlackElo "1621"]

1. e4 e5 2. Nf3 Qf6 3. a3 Bc5 4. b4 Bb6 5. c4 a6 6. c5 Ba7 7. h3 c6 8. Bb2 d6 9.
d4 Nd7 10. dxe5 dxe5 11. Bd3 Bb8 12. O-O h6 13. Nbd2 Bc7 14. Nc4 Rb8 15. Nh2 g5
16. Ng4 Qe7 17. a4 b6 18. cxb6 Nxb6 19. Ncxe5 Nf6 20. Nxc6 Qd6 21. Nxb8 Nxg4 22.
Bxh8 Qh2# 0-1

[Event "Challenge"]
[Site "http://www.queenalice.com/game.php?id=1853513"]
[Date "2025.3.7"]
[Round "-"]
[White "altair"]
[Black "Mr_SPOCK"]
[Result "1-0"]
[WhiteElo "1732"]
[BlackElo "1742"]

1. e4 e5 2. Nf3 Nf6 3. d3 Nc6 4. a3 d5 5. exd5 Nxd5 6. h3 Nf4 7. Nc3 Nd4 8. Bxf4
exf4 9. Be2 Ne6 10. Qd2 Bc5 11. b4 Bb6 12. O-O Qf6 13. Nd5 Qg6 14. Ne5 Qg3 15.
Nxb6 Qg5 16. Nf3 Qf6 17. Nxa8 O-O 18. d4 a6 19. d5 Rd8 20. b5 a5 21. b6 c6 22.
c4 Nc5 23. Qxa5 Nb3 24. Qe1 Qe7 25. Rb1 Nc5 26. Nd4 cxd5 27. cxd5 Ne4 28. Nc6
Qg5 29. Nxd8 Bxh3 30. Bf3 f5 31. Ne6 Qh4 32. gxh3 Qxh3 33. Bg2 Qg4 34. f3 Qg6
35. fxe4 h5 36. Nxf4 Qd6 37. exf5 Qxa3 38. Ra1 Qd6 39. Qe6+ Qxe6 40. dxe6 Kf8
41. Ng6+ Ke8 42. Bxb7 Kd8 43. Rfd1+ Ke8 44. Nc7# 1-0

[Event "Challenge"]
[Site "http://www.queenalice.com/game.php?id=1853514"]
[Date "2025.3.8"]
[Round "-"]
[White "Mr_SPOCK"]
[Black "altair"]
[Result "1-0"]
[WhiteElo "1693"]
[BlackElo "1769"]

1. e4 e5 2. Qh5 d6 3. Bc4 Qe7 4. Nc3 Nf6 5. Qf3 h6 6. Nge2 b6 7. d4 Bb7 8. dxe5
dxe5 9. Bd2 Qd7 10. O-O-O Bd6 11. Ng3 Nc6 12. Nf5 Rg8 13. Bxh6 gxh6 14. Nxh6 Rf8
15. g4 Nd4 16. Qxf6 Ne6 17. h4 Be7 18. Qf5 Qc6 19. Bb5 Qxb5 20. Nxb5 a6 21.
Nxc7+ Nxc7 22. Qd7# 1-0

[Event "AUTO-ADV-4851"]
[Site "http://www.queenalice.com/game.php?id=1853622"]
[Date "2025.3.10"]
[Round "1"]
[White "Connor"]
[Black "altair"]
[Result "1/2-1/2"]
[WhiteElo "1864"]
[BlackElo "1748"]

1. d4 d5 2. e3 e6 3. Nf3 h6 4. c4 c6 5. Nc3 Nf6 6. a3 Be7 7. cxd5 exd5 8. Bd3
O-O 9. O-O Na6 10. e4 Re8 11. exd5 cxd5 12. Bd2 Nc7 13. Rc1 a5 14. Nb5 Nxb5 15.
Bxb5 Bd7 16. Bxd7 Qxd7 17. b4 b6 18. Ne5 Qd6 19. Rc6 Qd8 20. Qf3 axb4 21. Bxb4
Bxb4 22. axb4 Re7 23. Ng4 Ne4 24. Qd3 Qd7 25. Ne5 Qf5 26. Rxb6 Rea7 27. f3 Ra3
28. fxe4 Qg5 29. Nxf7 Qg6 30. Nxh6+ Qxh6 31. Qxa3 Rxa3 32. Rxh6 gxh6 33. exd5
Ra8 34. b5 Rd8 35. b6 Rxd5 36. b7 Rb5 37. d5 Rxb7 38. d6 Rd7 39. Rd1 Kf7 40. Kf2
Ke6 41. g3 Rxd6 42. Rxd6+ Kxd6 43. Kf3 Ke5 44. g4 Kf6 45. Kf4 Kg6 46. h4 h5 47.
g5 Kf7 48. Kf5 Kg7 1/2-1/2

[Event "AUTO-ADV-4851"]
[Site "http://www.queenalice.com/game.php?id=1853623"]
[Date "2025.3.10"]
[Round "1"]
[White "altair"]
[Black "Connor"]
[Result "1-0"]
[WhiteElo "1768"]
[BlackElo "1885"]

1. e4 e5 2. Nf3 d6 3. d3 Be7 4. h3 Nf6 5. Nc3 a6 6. Be2 Nbd7 7. O-O O-O 8. b3 b5
9. Bb2 Nh5 10. Nd2 Nf4 11. Nd5 Nxe2+ 12. Qxe2 Nf6 13. d4 exd4 14. Bxd4 Nxd5 15.
exd5 Bf6 16. Bxf6 Qxf6 17. Ne4 Qe5 18. f4 Qe7 19. Qd3 Bb7 20. Rae1 f5 21. Nc5
1-0

[Event "AUTO-ADV-4851"]
[Site "http://www.queenalice.com/game.php?id=1853638"]
[Date "2025.3.10"]
[Round "1"]
[White "profeta"]
[Black "altair"]
[Result "1-0"]
[WhiteElo "1627"]
[BlackElo "1704"]

1. e4 e5 2. Nf3 d6 3. Nc3 Nf6 4. h3 h6 5. d4 Nc6 6. d5 Ne7 7. Bb5+ Bd7 8. Bxd7+
Qxd7 9. Qd3 c6 10. O-O cxd5 11. exd5 b6 12. Qb5 Rc8 13. Qxd7+ Nxd7 14. Nb5 Nxd5
15. Nxa7 Ra8 16. Nb5 Be7 17. Rd1 Nb4 18. Nc7+ Kd8 19. Nxa8 Kc8 20. Be3 Kb7 21.
Bd2 Nc6 22. b4 Kxa8 23. b5 Na7 24. a4 e4 25. Nd4 Nc8 26. a5 d5 27. axb6+ Kb8 28.
Nc6+ Kb7 29. Nxe7 Nxe7 30. Ra7+ Kc8 31. b7+ Kb8 32. Ra8+ Kxb7 33. Rxh8 d4 34.
Re8 Nf5 35. Rd8 Nc5 36. Bb4 Ne6 37. Rd7+ Kb6 38. Rxf7 g6 39. Rf6 Ng7 40. Rxg6 h5
41. Rxd4 Kxb5 42. Rxe4 Kc6 43. Bc3 Kd7 44. Bxg7 1-0

[Event "AUTO-ADV-4851"]
[Site "http://www.queenalice.com/game.php?id=1853639"]
[Date "2025.3.10"]
[Round "1"]
[White "altair"]
[Black "profeta"]
[Result "0-1"]
[WhiteElo "1741"]
[BlackElo "1602"]

1. e4 e5 2. Nf3 Nc6 3. a3 Nf6 4. d3 h6 5. Nc3 d5 6. exd5 Nxd5 7. Bd2 Bg4 8. h3
Bxf3 9. Qxf3 Bc5 10. Nxd5 O-O 11. Be2 Nd4 12. Qg3 Nxc2+ 13. Kd1 Qxd5 14. Kxc2
Rad8 15. Bxh6 g6 16. Bxf8 Bxf8 17. Kd2 Qa5+ 18. Kd1 Qa4+ 19. Ke1 Bd6 20. Kf1 e4
21. Qg5 Re8 22. dxe4 Qc2 23. f3 Qxb2 24. Kf2 Qd4+ 25. Qe3 Bc5 26. Rac1 Qxe3+ 0-1

[Event "AUTO-INT-3922"]
[Site "http://www.queenalice.com/game.php?id=1853667"]
[Date "2025.3.10"]
[Round "1"]
[White "StarWarsJedi"]
[Black "altair"]
[Result "1-0"]
[WhiteElo "1493"]
[BlackElo "1732"]

1. e4 e5 2. Nf3 d6 3. d4 Nc6 4. d5 Nce7 5. c4 Nf6 6. Nc3 a6 7. a4 h6 8. a5 c6 9.
Be3 Bd7 10. Nd2 cxd5 11. cxd5 Ng6 12. Nc4 Be7 13. h4 O-O 14. h5 Nh8 15. Qb3 Qc8
16. Nb6 Qc7 17. Nxa8 Rxa8 18. Be2 Bc8 19. Qb4 Rb8 20. Bb6 Qd7 21. Rc1 Bd8 22.
Na4 Qe7 23. Bxd8 Qxd8 24. Nb6 Bd7 25. Qxd6 Nxe4 26. Qxd7 Qxd7 27. Nxd7 Rd8 28.
Rh4 Ng5 29. Nxe5 Rxd5 30. Rc8+ Kh7 31. f4 Ne4 32. Bd3 Rd4 33. f5 f6 34. Ng6 Nxg6
35. fxg6# 1-0

[Event "AUTO-INT-3922"]
[Site "http://www.queenalice.com/game.php?id=1853668"]
[Date "2025.3.10"]
[Round "1"]
[White "altair"]
[Black "StarWarsJedi"]
[Result "0-1"]
[WhiteElo "1732"]
[BlackElo "1525"]

1. e4 c5 2. d3 Nc6 3. a3 Nf6 4. h3 d5 5. Nc3 d4 6. Nce2 e5 7. Bd2 a5 8. Nf3 a4
9. c3 Qb6 10. Rb1 Be6 11. cxd4 cxd4 12. Nc1 Bxa3 13. Qc2 Bd6 14. Be2 Nb4 15. Qd1
O-O 16. O-O Rfc8 17. Ra1 Nc2 18. Rb1 Na3 19. Ra1 Qxb2 20. Na2 Bb3 21. Qe1 Nc2
22. Qb1 a3 23. Nb4 Nxa1 24. Qxb2 axb2 25. Kh2 Bc2 26. Nxc2 Rxc2 27. Rb1 Nb3 28.
Bd1 Nxd2 29. Bxc2 Nxb1 30. Bxb1 Ra1 31. Nd2 Bb4 0-1

[Event "AUTO-INT-3922"]
[Site "http://www.queenalice.com/game.php?id=1853693"]
[Date "2025.3.10"]
[Round "1"]
[White "game"]
[Black "altair"]
[Result "0-1"]
[WhiteElo "1481"]
[BlackElo "1742"]

1. e4 e5 2. Nf3 d6 3. Bc4 h6 4. Nxe5 dxe5 5. Qf3 Nf6 6. d3 a5 7. Nc3 Bd6 8. Qg3
g5 9. h4 Nh5 10. Qf3 Nf4 11. hxg5 h5 12. d4 c6 13. dxe5 Bxe5 14. Bxf4 Bg4 15.
Qe3 Bxf4 16. Qxf4 Be6 17. Bxe6 fxe6 18. Rd1 Qe7 19. Qe5 Rf8 20. Rxh5 Nd7 21. Qd4
e5 22. Qd3 O-O-O 23. Na4 Nc5 24. Qc4 Rxd1+ 25. Kxd1 Rd8+ 26. Ke2 Nxa4 27. Qxa4
Qd6 28. Qxa5 Qd1+ 29. Ke3 Qd4+ 30. Kf3 Qd1+ 31. Kg3 Qxh5 32. Qa8+ Kd7 33. Qxb7+
Kd6 34. Qb4+ Kd7 35. Qd2+ Ke8 36. Qe3 Rd7 37. Qc5 Qxg5+ 38. Kf3 Rf7+ 39. Ke2
Qg4+ 40. Kd3 Qd1+ 41. Kc3 Qe1+ 42. Kb3 Rb7+ 43. Ka3 Qxe4 44. b4 Qd5 45. Qe3 c5
46. f4 Ra7+ 47. Kb2 Rxa2+ 48. Kb1 Ra4 49. bxc5 Qa2+ 50. Kc1 Qa1+ 51. Kd2 Rd4+
52. Ke2 Qd1+ 53. Kf2 Qxc2+ 54. Kg3 Rd3 55. Qxd3 Qxd3+ 56. Kg4 e4 57. c6 Kf7 58.
c7 Qd7+ 59. f5 Qxc7 60. Kg5 Qe7+ 61. Kf4 Kf6 62. g4 Qe5+ 63. Ke3 Kg5 64. f6 Kxg4
65. f7 Qf4+ 66. Kd4 e3+ 67. Kd3 Kf3 68. f8=Q Qxf8 69. Kd4 Kf4 70. Kd3 Qd6+ 71.
Ke2 Qd2+ 72. Kf1 Kg3 0-1

[Event "AUTO-INT-3922"]
[Site "http://www.queenalice.com/game.php?id=1853694"]
[Date "2025.3.10"]
[Round "1"]
[White "altair"]
[Black "game"]
[Result "1-0"]
[WhiteElo "1765"]
[BlackElo "1426"]

1. e4 c5 2. d3 d6 3. h3 e5 4. Nf3 Nc6 5. a3 Nd4 6. Be2 Qf6 7. c3 Nxf3+ 8. Bxf3
Ne7 9. O-O b5 10. b4 Ba6 11. Nd2 g5 12. Nb3 d5 13. Nxc5 Bg7 14. Nxa6 Qxa6 15.
Bxg5 Rc8 16. Qc2 f5 17. exf5 Nxf5 18. Bg4 Qg6 19. Be3 e4 20. dxe4 dxe4 21. Qxe4+
Ne7 22. Qf3 Rxc3 23. Bh5 Rf8 24. Bxg6+ Nxg6 25. Qa8+ Kf7 26. Qxa7+ Ne7 27. Bd2
Rb3 28. Rfe1 Bxa1 29. Qxe7+ Kg8 30. Rxa1 Rf7 31. Qe8+ Kg7 32. Qxb5 Rb2 33. Bc3+
1-0

[Event "AUTO-ADV-4853"]
[Site "http://www.queenalice.com/game.php?id=1854114"]
[Date "2025.3.17"]
[Round "1"]
[White "altair"]
[Black "avieytoa"]
[Result "1-0"]
[WhiteElo "1685"]
[BlackElo "1777"]

1. e4 e5 2. Nf3 Nc6 3. a3 Nf6 4. d3 Bc5 5. c3 O-O 6. h3 Re8 7. a4 a6 8. Be2 d6
9. O-O d5 10. b4 Ba7 11. exd5 Nxd5 12. Bb2 1-0

[Event "AUTO-ADV-4853"]
[Site "http://www.queenalice.com/game.php?id=1854115"]
[Date "2025.3.17"]
[Round "1"]
[White "avieytoa"]
[Black "altair"]
[Result "0-1"]
[WhiteElo "1757"]
[BlackElo "1705"]

1. e4 e5 2. Nf3 d6 3. Nc3 h6 4. Bc4 Nf6 5. O-O Be7 6. Re1 a6 7. d4 O-O 8. dxe5
b5 9. exd6 cxd6 10. Bb3 Bb7 11. Bf4 Nc6 12. Qe2 b4 13. Nd5 a5 0-1

[Event "AUTO-ADV-4853"]
[Site "http://www.queenalice.com/game.php?id=1854116"]
[Date "2025.3.17"]
[Round "1"]
[White "altair"]
[Black "Magnaroc"]
[Result "1-0"]
[WhiteElo "1726"]
[BlackElo "1830"]

1. e4 e5 2. Nf3 Nc6 3. a3 Nf6 4. d3 d5 5. Nc3 dxe4 6. dxe4 Qxd1+ 7. Nxd1 Nxe4 8.
Bd3 Nf6 9. O-O Bd6 10. b4 O-O 11. Bc4 Re8 12. Bb2 Bg4 13. Ng5 Re7 14. Ne3 Bh5
15. Nd5 Nxd5 16. Bxd5 Nd8 17. Be4 Bg6 18. c4 Bxe4 19. Nxe4 f6 20. c5 1-0

[Event "AUTO-ADV-4853"]
[Site "http://www.queenalice.com/game.php?id=1854117"]
[Date "2025.3.17"]
[Round "1"]
[White "Magnaroc"]
[Black "altair"]
[Result "0-1"]
[WhiteElo "1852"]
[BlackElo "1704"]

1. e4 e5 2. f4 d6 3. d4 Nc6 4. Nf3 h6 5. f5 f6 6. Bb5 Bd7 7. Bxc6 Bxc6 8. d5 Bb5
9. Nc3 Ba6 10. Ne2 Qd7 11. b3 c6 12. c4 b5 13. cxb5 Bxb5 14. dxc6 Qxc6 15. Nd2
Ne7 16. O-O d5 17. exd5 Nxd5 18. Re1 Qc5+ 19. Kh1 Ne3 0-1

[Event "Challenge"]
[Site "http://www.queenalice.com/game.php?id=1854178"]
[Date "2025.3.19"]
[Round "-"]
[White "Mr_SPOCK"]
[Black "altair"]
[Result "0-1"]
[WhiteElo "1699"]
[BlackElo "1732"]

1. e4 e5 2. Qh5 d6 3. Bc4 Qe7 4. Nc3 Nf6 5. Qe2 h6 6. d3 a5 7. b3 c6 8. d4 exd4
9. Nd1 b5 10. Bd3 Qd7 11. Bb2 Be7 12. Bxd4 c5 13. Be3 O-O 14. Nf3 Bb7 15. c4 b4
16. h4 Bxe4 17. Bxe4 Nxe4 18. h5 Bf6 19. Rg1 Bxa1 20. g4 Nc3 21. Nxc3 Bxc3+ 22.
Nd2 Re8 23. Rg3 Nc6 24. Kd1 Nd4 25. Qd3 Bxd2 26. Kxd2 a4 27. g5 Nf5 28. Rf3 Nxe3
29. fxe3 axb3 30. Qxb3 Ra3 31. Qb2 Qg4 32. Ke2 Rexe3+ 33. Kd2 Qxf3 34. gxh6 Re2+
35. Kd1 Rxb2+ 36. Kc1 Qc3+ 37. Kd1 Rb1+ 38. Ke2 Rxa2# 0-1

[Event "AUTO-ADV-4825"]
[Site "http://www.queenalice.com/game.php?id=1854439"]
[Date "2025.3.24"]
[Round "2"]
[White "altair"]
[Black "Olipika"]
[Result "0-1"]
[WhiteElo "1752"]
[BlackElo "1867"]

1. e4 c5 2. d3 g6 3. Nc3 Bg7 4. Bd2 d6 5. h3 Nf6 6. Nf3 O-O 7. Be2 b6 8. O-O Bb7
9. Nb5 Nxe4 10. dxe4 Bxb2 11. Rb1 Bg7 12. Bd3 Qd7 13. Bf4 Nc6 14. Re1 Nb4 15. a3
Na2 16. Qd2 a6 17. Nc3 Bxc3 18. Bc4 Bxd2 0-1

[Event "Challenge"]
[Site "http://www.queenalice.com/game.php?id=1854515"]
[Date "2025.3.26"]
[Round "-"]
[White "altair"]
[Black "Mr_SPOCK"]
[Result "0-1"]
[WhiteElo "1719"]
[BlackElo "1744"]

1. e4 e5 2. Nf3 Nc6 3. a3 Nf6 4. d3 Bc5 5. c3 d5 6. exd5 Qxd5 7. h3 Bf5 8. b4
Bb6 9. Be2 Qe6 10. O-O O-O-O 11. d4 exd4 12. Ng5 Qe7 13. Qb3 Ne5 14. f4 dxc3+
15. Kh1 Be6 16. Nxe6 fxe6 17. fxe5 Ne4 18. Rf3 Bd4 19. Ra2 Rd5 20. Bc4 Qh4 21.
Re2 Rxe5 22. Bf4 Nf2+ 23. Kh2 Re4 24. Rxe4 Nxe4 25. Bxe6+ Kb8 26. Bg3 Nxg3 27.
Nxc3 a6 28. Nd5 Be5 29. Qe3 Nf1+ 30. Kg1 Nxe3 31. Nxe3 Bd4 32. Bg4 Qe1+ 33. Rf1
Bxe3+ 0-1

[Event "AUTO-ADV-4856"]
[Site "http://www.queenalice.com/game.php?id=1854843"]
[Date "2025.4.2"]
[Round "1"]
[White "Canaye14"]
[Black "altair"]
[Result "1-0"]
[WhiteElo "1901"]
[BlackElo "1712"]

1. d4 d5 2. Bf4 e6 3. Nf3 h6 4. c3 Nf6 5. e3 a6 6. Bd3 Bd6 7. Bg3 O-O 8. Nbd2 c5
9. Ne5 cxd4 10. exd4 Nbd7 11. Qc2 Qc7 12. f4 Ng4 13. O-O-O Ne3 14. Qb1 Nxd1 15.
Kxd1 Nf6 16. Bh4 Ng4 17. Nxg4 Bxf4 18. Nf3 f5 19. Nge5 b5 20. Ng6 Re8 21. Nfe5
Bxe5 22. Nxe5 f4 23. Bh7+ Kf8 24. Rf1 g5 25. g3 Re7 26. Ng6+ Ke8 27. Nxe7 Qxe7
28. Rxf4 gxh4 29. Bg6+ Kd8 30. Rxh4 Qg7 31. Rf4 Bd7 32. Rf7 Qg8 33. Rf1 Kc7 34.
Bh5 Rf8 35. Rxf8 Qxf8 36. Qd3 Be8 37. Bxe8 Qxe8 38. Qh7+ Kd6 39. Qxh6 Qf7 40.
Qf4+ Qxf4 41. gxf4 Ke7 42. Ke2 Kf6 43. Kf3 a5 44. Kg4 Kg6 45. h4 b4 46. h5+ Kh6
47. f5 exf5+ 48. Kxf5 Kxh5 49. Ke5 Kg6 50. Kxd5 Kf6 51. Kc4 bxc3 52. bxc3 Ke6
53. Kb5 Kd5 54. Kxa5 1-0

[Event "AUTO-ADV-4856"]
[Site "http://www.queenalice.com/game.php?id=1854844"]
[Date "2025.4.2"]
[Round "1"]
[White "altair"]
[Black "Canaye14"]
[Result "0-1"]
[WhiteElo "1727"]
[BlackElo "1871"]

1. e4 e6 2. d4 d5 3. e5 c5 4. c3 Nc6 5. Nf3 Qb6 6. Be3 c4 7. Be2 Qxb2 8. Nbd2
Qxc3 9. O-O Nge7 10. Rc1 Qa5 11. a4 Nf5 12. Nb1 Nxe3 13. fxe3 Be7 14. Nc3 Bd7
15. Nb5 O-O 16. Rb1 Bb4 17. Qc2 a6 18. Nd6 Rab8 19. Ng5 g6 20. Ngxf7 Ne7 21.
Nh6+ Kg7 22. Ndf7 Nf5 23. Nxf5+ gxf5 24. Nd6 Bxd6 25. exd6 Qxa4 26. Qc1 Qc6 27.
Bh5 Qxd6 28. Qe1 e5 29. Qg3+ Kh8 30. dxe5 Qe6 31. Rbd1 Rg8 32. Qf3 b5 33. Rxd5
Bc6 34. Qxf5 Bxd5 35. Qf6+ Qxf6 36. exf6 Rxg2+ 37. Kh1 Rbg8 38. Bf3 Bxf3 0-1